Real Madrid - Un Joueur Par Pays - Statistiques

Statistiques générales
  • Ce quiz a été pris 930 fois
    779 depuis la dernière actualisation
  • Le résultat moyen est 14 sur 30
Statistiques - réponses
Pays Poste Joueur % Correct
Allemagne Défenseur Antonio Rüdiger
94%
Autriche Défenseur David Alaba
75%
Costa Rica Gardien Keylor Navas
71%
Belgique Attaquant Eden Hazard
69%
Colombie Milieu de terrain James Rodriguez
65%
Pays de Galles Attaquant Gareth Bale
62%
Uruguay Milieu de terrain Federico Valverde
59%
Maroc Défenseur Achraf Hakimi
57%
Ukraine Gardien Andriy Lunin
57%
Angleterre Milieu de terrain David Beckham
57%
Cameroun Attaquant Samuel Eto'o
56%
Norvège Milieu de terrain Martin Odegaard
52%
Turquie Milieu de terrain Arda Güler
50%
Argentine Attaquant Gonzalo Higuain
47%
Italie Défenseur Fabio Cannavaro
44%
France Défenseur Ferland Mendy
44%
Croatie Milieu de terrain Mateo Kovacic
44%
République Dominicaine Attaquant Mariano Diaz
43%
Mexique Attaquant Chicharito
42%
Ghana Milieu de terrain Michael Essien
41%
Brésil Défenseur Roberto Carlos
41%
Serbie Attaquant Luka Jovic
40%
Japon Attaquant Takefusa Kubo
34%
Portugal Défenseur Fabio Coentrao
33%
Togo Attaquant Emmanuel Adebayor
32%
Espagne Défenseur Fernando Hierro
27%
Danemark Milieu de terrain Michael Laudrup
23%
Mali Milieu de terrain Mahamadou Diarra
19%
Pays-Bas Milieu de terrain Clarence Seedorf
18%
Russie Attaquant Denis Cheryshev
16%
Aucun quiz correspondant
Distribution des résultats
% des personnes avec chaque résultat
Percentile par nombre de réponses
Votre historique - résultats
Vous n’avez pas pris ce quiz depuis la dernière actualisation